000 00508 a2200193 4500
005 20240529153152.0
010 _aB-759255
020 _a9789354712609
_c295.00
035 _aB-759255
037 _bGift
082 _aS
100 _aDeary, Terry
_967068
245 _aFrightful First World War/
_cTerry Deary
260 _aLondon
_bScholastic Children's Books
_c2022
270 _aLondon
_bLondon
300 _a140 p.
_c19 cm(Pb)
942 _adpl
_cCH
_2ddc
_hS
_mDEA
999 _c203380
_d203380